Sports Quiz

Random Sports or Hockey Quiz

Canadian NHL Teams Past and Present Quiz Stats

 Plays Quiz not verified by Sporcle

Challenge
Share
Tweet
Embed
Score 0/12 Timer 03:00
0 Plays Today
Years in Canada/still in Canada? Team Name % Correct
WHA Franchise, relocated in 1996 (1979-1996). Re-began play in 2011.Jets
100%
Original Six Team, still in Canada; 1917-PresentMaple Leafs
98.5%
Original Six Team, still in Canada; 1917-PresentCanadiens
98.5%
WHA Franchise, relocated in 1995. (1979-1995)Nordiques
98.5%
WHA Franchise, still in Canada (1979-Present).Oilers
98.5%
Expansion Franchise, still in Canada; 1970-Present.Canucks
97%
Expansion Franchise, still in Canada (1980-Present), but was founded in Atlanta, GA.Flames
97%
Original franchise lasted from 1917-1935. New expansion franchise formed in 1992.Senators
97%
Spent 14 years in existance (1924-1938). Folded due to Great Depression.Maroons
80.6%
Lasted from 1917-1918. Folded due to World War I.Wanderers
61.3%
Spent one year (1919), relocated the next year.Bulldogs
61.3%
Lasted from 1920-1925.Tigers
51.6%

You're not logged in!

Compare scores with friends on all Sporcle quizzes.
Join for Free
OR
Log In

You Might Also Like...

Show Comments

Extras

Top Quizzes Today


Score Distribution

Your Account Isn't Verified!

In order to create a playlist on Sporcle, you need to verify the email address you used during registration. Go to your Sporcle Settings to finish the process.

Report this User

Report this user for behavior that violates our Community Guidelines.

Details: